000 00788nam a22001817a 4500
999 _c61284
_d61284
005 20240125120230.0
008 240125s2008 enk||||| |||| 00| 0 eng d
020 _a9780470136294x
041 _aeng
080 _a51(075.8) M-39
245 _aMathematics Methods for Elementary and Middle School Teachers /
_c Mary M. Hatfield, Nancy Tanner Edwards, Gary G. Bitter, Jean Morrow.
250 _a6th Edition
264 _aHoboken:
_b‎ Wiley,
_c2008.
300 _a476 p.:
_bill.;
_c28 cm.
653 _aმათემატიკის მეთოდები დაწყებითი და საშუალო სკოლის მასწავლებლებისთვის
700 _aHatfield, Mary M.
_eავტორი
_921128
942 _2udc
_cᲬᲘᲒᲜᲘ